|
|
|
|
| LEADER |
00000nam0a2200000 4500 |
| 001 |
359627 |
| 005 |
20231102011216.0 |
| 035 |
|
|
|a (RuTPU)RU\TPU\retro\16907
|
| 090 |
|
|
|a 359627
|
| 100 |
|
|
|a 20201123d1911 k y0rusy50 ca
|
| 101 |
0 |
|
|a rus
|
| 102 |
|
|
|a RU
|
| 105 |
|
|
|a a z 000zy
|
| 200 |
1 |
|
|a О некоторых каменноугольных трилобитах Донецкого бассейна
|f А. К. Каргин
|
| 210 |
|
|
|a Екатеринослав
|c Типография Губернского Земства
|d 1911
|
| 215 |
|
|
|a 16 с.
|c 2 л. ил.
|
| 300 |
|
|
|a Текст в русской дореформенной орфографии
|
| 316 |
|
|
|5 63413507: 180908
|a На титульном листе дарственная надпись: "Многоуважаемому Павлу Павловичу Гудкову от автора"
|
| 317 |
|
|
|5 63413507: 180908
|a Поступил в НТБ в 1940 г. в составе книжного собрания академика М. А. Усова
|
| 320 |
|
|
|a Библиогр. в примеч.
|
| 606 |
1 |
|
|a Палеонтологические коллекции
|2 stltpush
|3 (RuTPU)RU\TPU\subj\47996
|9 66878
|
| 606 |
1 |
|
|a Палеонтологические исследования
|2 stltpush
|3 (RuTPU)RU\TPU\subj\47995
|9 66877
|
| 606 |
1 |
|
|a Палеонтология
|y Донецкая область
|2 stltpush
|3 (RuTPU)RU\TPU\subj\48007
|9 66889
|
| 610 |
1 |
|
|a морские членистоногие
|
| 610 |
1 |
|
|a млекопитающие
|
| 610 |
1 |
|
|a палеозойские образования
|
| 610 |
1 |
|
|a род
|
| 610 |
1 |
|
|a подроды
|
| 610 |
1 |
|
|a описания
|
| 610 |
1 |
|
|a дарственные надписи
|
| 610 |
1 |
|
|a дары автора
|
| 610 |
1 |
|
|a Библиотека М. А. Усова
|
| 610 |
1 |
|
|a Библиотека П. П. Гудкова
|
| 675 |
|
|
|a 56
|v 4
|
| 675 |
|
|
|a 56.07
|v 4
|
| 675 |
|
|
|a 56(477)
|v 4
|
| 700 |
|
1 |
|a Каргин
|b А. К.
|
| 801 |
|
1 |
|a RU
|b 63413507
|c 20201123
|
| 801 |
|
2 |
|a RU
|b 63413507
|c 20210427
|g RCR
|
| 942 |
|
|
|c BK
|